[Event "Hradec Kralove Region-chT 2223"]
[Site "Czech Republic"]
[Date "2023.02.12"]
[Round "8.6"]
[White "Sedivy, Ales"]
[Black "Hedanek, Daniel"]
[Result "1/2-1/2"]
[WhiteElo "1884"]
[BlackElo "1634"]
[PlyCount "39"]
[EventDate "2022.10.09"]
[EventType "team-tourn"]
[EventRounds "11"]
[EventCountry "CZE"]
[SourceTitle "EXT 2024"]
[Source "ChessBase"]
[SourceDate "2023.10.10"]
[SourceVersion "1"]
[SourceVersionDate "2023.10.10"]
[SourceQuality "1"]

1. e4 e6 2. d4 d5 3. exd5 exd5 4. Bd3 Nf6 5. h3 c5 6. dxc5 Bxc5 7. Nf3 0-0 8. 0-0 a6 9. Bg5 b5 10. c3 Bb7 11. Nbd2 Nbd7 12. Nb3 Ba7 13. Re1 Qc7 14. Nbd4 Ne4 15. Qc1 Bb8 16. Bh4 Ne5 17. Nxe5 Qxe5 18. Bxe4 dxe4 19. Bg3 Qf6 20. Bxb8 1/2-1/2